Le fils de la lumiére

محفوظ في:
التفاصيل البيبلوغرافية
المؤلف الرئيسي: Peryfitte, Roger
التنسيق: كتاب
اللغة:Undetermined
منشور في: París, Francia Flammarion 1961
الموضوعات:
الوسوم: إضافة وسم
لا توجد وسوم, كن أول من يضع وسما على هذه التسجيلة!

MARC

LEADER 00000nam a2200000Ia 4500
008 170316s9999 xx 000 0 und d
040 |a cru BVZT 
090 |a 840 P-11f 
100 |a Peryfitte, Roger 
245 |a Le fils de la lumiére 
260 |a París, Francia  |b Flammarion  |c 1961 
300 |a 426 páginas 
650 |a LITERATURA FRANCESA 
999 |c 7873  |d 7873 
942 |c 15 D  |h 840 P-11f  |2 z